000 00607nam a22002057a 4500
005 20251108173652.0
008 250721s2006 xx 000 0 eng d
082 1 4 _aR/J/423.1/DIC
100 1 _aبيضون, عبد الحفيظ
245 1 0 _aمعجم الطلاب إنجليزي - عربي /
246 1 1 _astudents' dictionary
264 1 _abeirut :
_bدار الكتب العلمية,
_c2006.
300 _a446 p.
650 1 7 _aDICTIONARIES
650 1 7 _aENGLISH LANGUAGE
650 1 7 _aARABICA LANGUAGE
653 _aناشئون صغار (10-14 سنة )
942 _2ddc
_cBK
999 _c109509
_d109509